01688nam a2200373 a 4500001001200000003000800012006001900020007001500039008004100054010001700095020003100112020002700143040002100170035002100191050002500212082001600237245009400253260006600347300002400413490006500437504005300502505023900555533015200794650002400946650003000970650002301000650003301023655002901056700002101085700003001106710001701136830003501153856012601188ebr10579787CaPaEBRm u cr cn|||||||||120307s2012 ne a sb 001 0 eng d z 2012009872 z9789027256263 (alk. paper) z9789027273932 (e-book) aCaPaEBRcCaPaEBR a(OCoLC)80834623914aP302.76b.A38 2012eb04a401/.4122300aAdvice in discourseh[electronic resource] /cedited by Holger Limberg, Miriam A. Locher. aAmsterdam ;aPhiladelphia :bJohn Benjamins Pub. Co.,cc2012. avii, 376 p. :bill.1 aPragmatics & beyond new series (P&BNS),x0922-842X ;vv. 221 aIncludes bibliographical references and indexes.0 apt. 1. Advice in academic, educational and training settings -- pt. 2. Advice in medical and health-related settings -- pt. 3. Advice in computer-mediated settings -- pt. 4. Cross-cultural and corpus linguistic perspectives on advice. aElectronic reproduction.bPalo Alto, Calif. :cebrary,d2011.nAvailable via World Wide Web.nAccess may be limited to ebrary affiliated libraries. 0aDiscourse analysis. 0aPerspective (Linguistics) 0aAdvisory opinions. 0aInterpersonal communication. 7aElectronic books.2local1 aLimberg, Holger.1 aLocher, Miriam A.,d1972-2 aebrary, Inc. 0aPragmatics & beyond ;vv. 221.40uhttp://site.ebrary.com/lib/rucke/Doc?id=10579787zAn electronic book accessible through the World Wide Web; click to view